Local taxation especially in english cities and towns (Record no. 163859)

MARC details
000 -LEADER
campo de control de longitud fija 00712nam a2200169 i 4500
001 - NÚMERO DE CONTROL
campo de control 163859
003 - IDENTIFICADOR DE NÚMERO DE CONTROL
campo de control ES-MaACL
005 - FECHA Y HORA DE LA ÚLTIMA TRANSACCIÓN
campo de control 20250730063144.0
008 - DATOS DE LONGITUD FIJA--INFORMACIÓN GENERAL
campo de control de longitud fija 050720s1886 xxk | |||||||| ||eng d
040 ## - FUENTE DE CATALOGACIÓN
Centro catalogador/agencia de origen CAM
Lengua de catalogación spa
Centro/agencia transcriptor CAM
100 1# - ENTRADA PRINCIPAL--NOMBRE DE PERSONA
Nombre de persona Rogers, James E. Thorold
Forma completa/desarrollada del nombre (James Edwin Thorold),
Fechas asociadas al nombre 1823-1890
9 (RLIN) 162683
245 10 - MENCIÓN DEL TÍTULO
Título Local taxation especially in english cities and towns
Resto del título : a speech delivered in the House of Commons , on March ... 1886 /
Mención de responsabilidad, etc. by James E. Thorold Rogers.
260 ## - PUBLICACIÓN, DISTRIBUCIÓN, ETC.
Lugar de publicación, distribución, etc. London [etc.] :
Nombre del editor, distribuidor, etc. Cassell & Company,
Fecha de publicación, distribución, etc. [s.a.]
300 ## - DESCRIPCIÓN FÍSICA
Extensión 23 p. ;
Dimensiones 19 cm.
852 ## - LOCALIZACIÓN
Ubicación ES-MaACL
Número de control de estantería T-1303-F-6
Nota libre -- Enc. hol., conservando la cub. original
-- -- Enc. en un vol. facticio
Holdings
Estatus retirado Estado de pérdida Estado de daño No para préstamo Colección Biblioteca de origen Biblioteca actual Ubicación en estantería Fecha de adquisición Total de préstamos Signatura topográfica completa Código de barras Visto por última vez Precio de reemplazo Tipo de ítem Koha
        Colección de folletos Biblioteca del Ateneo de Madrid Biblioteca del Ateneo de Madrid Depósito folletos 17/01/2008   T-1303-F-6 1171728 23/02/2023 23/02/2023 Folleto